[Event "Arco op 38th"]
[Site "Arco"]
[Date "2016.10.15"]
[Round "8"]
[White "Wagner, Frank"]
[Black "Pompili, Ugo"]
[Result "1-0"]
[WhiteElo "1889"]
[BlackElo "1751"]
[PlyCount "83"]
[EventDate "2016.10.08"]
[EventType "swiss"]
[EventRounds "9"]
[EventCountry "ITA"]
[SourceTitle "EXT 2017"]
[Source "ChessBase"]
[SourceDate "2016.10.25"]
[SourceVersion "1"]
[SourceVersionDate "2016.10.25"]
[SourceQuality "1"]

1. c4 e5 2. Nc3 d6 3. d3 f5 4. Nf3 Nf6 5. g3 c6 6. Bg2 Be7 7. 0-0 0-0 8. b4 Be6 9. Rb1 Qd7 10. b5 h6 11. a4 Ng4 12. Qb3 cxb5 13. Qxb5 Nc6 14. Qxb7 Qe8 15. Nd2 Bd7 16. Qa6 f4 17. h3 fxg3 18. fxg3 Ne3 19. Rxf8+ Bxf8 20. Nf3 Nxg2 21. Kxg2 Qe6 22. Ng1 Be7 23. Be3 Bg5 24. Bxg5 hxg5 25. Ne4 g4 26. h4 Rf8 27. Rf1 Rxf1 28. Kxf1 Qf5+ 29. Kg2 Qf8 30. Qb5 Qe7 31. Qd5+ Kh8 32. Nxd6 Nd4 33. Nf7+ Kh7 34. Ng5+ Kg6 35. Qe4+ Bf5 36. Qe3 Nc2 37. Qd2 Qb7+ 38. e4 Nd4 39. Ne2 Bd7 40. Nxd4 exd4 41. Qf2 Qc6 42. Qf7+ 1-0

[Event "Padova op-A 17th"]
[Site "Padova"]
[Date "2014.12.14"]
[Round "1.30"]
[White "Dimitrijeski, Boris"]
[Black "Pompili, Ugo"]
[Result "1-0"]
[WhiteElo "2251"]
[BlackElo "1841"]
[PlyCount "91"]
[EventDate "2014.12.14"]
[EventType "swiss"]
[EventRounds "9"]
[EventCountry "ITA"]
[SourceTitle "EXT 2024"]
[Source "ChessBase"]
[SourceDate "2023.10.10"]
[SourceVersion "1"]
[SourceVersionDate "2023.10.10"]
[SourceQuality "1"]

1. d4 Nf6 2. c4 c5 3. d5 b5 4. cxb5 a6 5. bxa6 Bxa6 6. Nc3 d6 7. e4 Bxf1 8. Kxf1 g6 9. g3 Bg7 10. Kg2 0-0 11. Nf3 Nbd7 12. Qe2 Ng4 13. Ne1 h5 14. h3 Ngf6 15. a4 Nb6 16. Qc2 Qd7 17. Ra2 Ra6 18. b3 Rb8 19. Be3 Qb7 20. Nf3 Nfd7 21. Rb1 Qc7 22. Nb5 Qd8 23. Nd2 Ne5 24. Na3 Rc8 25. Nac4 e6 26. Nxe5 Bxe5 27. dxe6 fxe6 28. Nc4 Bg7 29. Rd1 d5 30. Nxb6 Rxb6 31. exd5 exd5 32. Bxc5 Rbc6 33. b4 Bf8 34. Qd3 Bxc5 35. bxc5 Kh7 36. Qxd5 Qf6 37. Qd7+ Kh6 38. Rd6 Rxd6 39. Qxd6 Qc3 40. Qf4+ Kg7 41. Rd2 Rf8 42. Qd4+ Qxd4 43. Rxd4 Rc8 44. Rc4 Kf6 45. c6 Ke6 46. c7 1-0

[Event "Trieste op 12th"]
[Site "Trieste"]
[Date "2010.09.05"]
[Round "2"]
[White "De Dreu, Dies"]
[Black "Pompili, Ugo"]
[Result "1-0"]
[WhiteElo "2019"]
[BlackElo "1877"]
[PlyCount "113"]
[EventDate "2010.09.04"]
[EventType "swiss"]
[EventRounds "9"]
[EventCountry "ITA"]
[SourceTitle "CBM 138 Extra"]
[Source "ChessBase"]
[SourceDate "2010.10.29"]
[SourceVersion "1"]
[SourceVersionDate "2010.10.29"]
[SourceQuality "1"]

1. d4 d5 2. Nf3 e6 3. e3 f5 4. c4 c6 5. Nc3 Nf6 6. Be2 Bd6 7. Qc2 0-0 8. Bd2 Ne4 9. 0-0 Nxd2 10. Qxd2 Nd7 11. Rac1 Nf6 12. Ne5 Nd7 13. f4 Nxe5 14. dxe5 Be7 15. cxd5 exd5 16. Na4 g5 17. Rfd1 gxf4 18. exf4 Kh8 19. b4 a6 20. a3 Rb8 21. Nc5 Qe8 22. Nb3 b6 23. Qc3 Bb7 24. Qh3 Qg6 25. Rc3 Rg8 26. Bd3 Rbf8 27. Nd4 Qg4 28. Qxg4 fxg4 29. g3 Rc8 30. Bf5 Rcf8 31. Be6 c5 32. Bxg8 Kxg8 33. Ne6 Rc8 34. bxc5 bxc5 35. Rb1 Ba8 36. Kf2 c4 37. f5 Kf7 38. Ke3 h5 39. Rb6 Bc6 40. Rxa6 Bd7 41. a4 Bb4 42. Rc1 Ba3 43. Rc2 Rb8 44. Kf4 Bb2 45. Ng5+ Ke8 46. e6 Bc8 47. Rc6 Bd4 48. Nf7 Ke7 49. Kg5 Bb7 50. Rc7+ Kf8 51. a5 Ba6 52. Nd6 c3 53. e7+ Kg8 54. e8Q+ Rxe8 55. Nxe8 Bd3 56. R2xc3 Bxc3 57. Rxc3 1-0

[Event "Viterbo op 6th"]
[Site "Viterbo"]
[Date "2009.05.31"]
[Round "3"]
[White "Lisi, Sebastiano"]
[Black "Pompili, Ugo"]
[Result "1/2-1/2"]
[WhiteElo "1964"]
[BlackElo "1843"]
[PlyCount "41"]
[EventDate "2009.05.30"]
[EventType "swiss"]
[EventRounds "7"]
[EventCountry "ITA"]
[SourceTitle "EXT 2011"]
[Source "ChessBase"]
[SourceDate "2010.11.26"]
[SourceVersion "1"]
[SourceVersionDate "2010.11.26"]
[SourceQuality "1"]

1. e4 e5 2. Nf3 Nc6 3. Bb5 a6 4. Ba4 d6 5. c3 f5 6. d4 fxe4 7. d5 b5 8. Bc2 exf3 9. dxc6 Nf6 10. Qxf3 Be7 11. Bg5 0-0 12. Nd2 Be6 13. Bxf6 Rxf6 14. Qd3 g6 15. h4 d5 16. Qe3 Qf8 17. Nf3 Bc5 18. Qxe5 Bd6 19. Qd4 Bc5 20. Qe5 Bd6 21. Qd4 1/2-1/2

[Event "Cesenatico op"]
[Site "Cesenatico"]
[Date "2007.09.02"]
[Round "2"]
[White "Pompili, Ugo"]
[Black "Naumkin, Igor"]
[Result "0-1"]
[WhiteElo "1817"]
[BlackElo "2490"]
[PlyCount "48"]
[EventDate "2007.09.01"]
[EventType "swiss"]
[EventRounds "7"]
[EventCountry "ITA"]
[SourceTitle "CBM 120 Extra"]
[Source "ChessBase"]
[SourceDate "2007.11.01"]
[SourceVersion "1"]
[SourceVersionDate "2007.11.01"]
[SourceQuality "1"]

1. d4 e6 2. e3 b6 3. Nf3 Bb7 4. Be2 Nf6 5. Nbd2 Be7 6. c3 0-0 7. 0-0 c5 8. Ne5 d6 9. Nef3 Qc7 10. Bd3 Nc6 11. Qe2 d5 12. a3 e5 13. dxe5 Nxe5 14. Nxe5 Qxe5 15. Nf3 Qh5 16. Ba6 Bc6 17. Bb5 Rac8 18. Bxc6 Rxc6 19. Qa6 Ne4 20. Qb7 Rg6 21. Qxe7 Qxf3 22. g3 Ng5 23. h4 Nh3+ 24. Kh2 Nxf2 0-1

[Event "Cesenatico op 9th"]
[Site "Cesenatico"]
[Date "2004.09.06"]
[Round "3"]
[White "Del Vecchio, Gastone"]
[Black "Pompili, Ugo"]
[Result "1-0"]
[WhiteElo "1896"]
[BlackElo "1801"]
[PlyCount "69"]
[EventDate "2004.09.04"]
[EventType "swiss"]
[EventRounds "9"]
[EventCountry "ITA"]
[SourceTitle "EXT 2007"]
[Source "ChessBase"]
[SourceDate "2006.11.23"]
[SourceVersion "1"]
[SourceVersionDate "2006.11.23"]
[SourceQuality "1"]

1. e4 e5 2. Nf3 Nc6 3. Bc4 d6 4. 0-0 Be7 5. h3 Nf6 6. Re1 0-0 7. Bb3 Be6 8. Bxe6 fxe6 9. c3 Qd7 10. a4 h6 11. b4 a6 12. Qb3 Nh5 13. d4 Nf4 14. Bxf4 Rxf4 15. d5 exd5 16. Qxd5+ Kh8 17. Nbd2 g5 18. b5 Bf6 19. bxc6 bxc6 20. Qd3 g4 21. hxg4 Rxg4 22. Kf1 Rag8 23. g3 h5 24. Kg2 d5 25. Rh1 Qf7 26. Qxa6 dxe4 27. Nh2 R4g6 28. Nxe4 Qd5 29. Qd3 Qa5 30. Nxf6 Rxf6 31. Ng4 Rd6 32. Rxh5+ Kg7 33. Rh7+ Kf8 34. Qf5+ Ke8 35. Qf7+ 1-0

[Event "Caorle op-B"]
[Site "Caorle"]
[Date "1991.07.09"]
[Round "4.40"]
[White "Pompili, Ugo"]
[Black "Montecchi, Ugo"]
[Result "1-0"]
[WhiteElo "1746"]
[BlackElo "1809"]
[PlyCount "117"]
[EventDate "1991.07.05"]
[EventType "swiss"]
[EventRounds "8"]
[EventCountry "ITA"]
[SourceTitle "EXT 2023"]
[Source "ChessBase"]
[SourceDate "2022.10.05"]
[SourceVersion "1"]
[SourceVersionDate "2022.10.05"]
[SourceQuality "1"]

1. e4 c5 2. c3 d6 3. d4 cxd4 4. cxd4 g6 5. Nc3 Bg7 6. Be3 Nd7 7. Nf3 a6 8. Bd3 e6 9. Rc1 Ne7 10. 0-0 b5 11. a3 Bb7 12. Qd2 0-0 13. Bh6 Nc6 14. Bxg7 Kxg7 15. h4 e5 16. Bb1 exd4 17. Nxd4 Nce5 18. Qf4 Nc5 19. Rfd1 Ne6 20. Qg3 Kh8 21. Nf3 Nc4 22. b3 Nxa3 23. Rxd6 Qf6 24. Nd5 Qb2 25. Qe5+ Qxe5 26. Nxe5 Nd4 27. Bd3 Bxd5 28. exd5 Nxb3 29. Rc7 Kg7 30. Rdd7 Kf6 31. Nxf7 Nc5 32. Rd6+ Kg7 33. Ng5+ Kg8 34. Rxc5 Ra7 35. Ne6 Rb8 36. Rdc6 a5 37. d6 Rd7 38. Nc7 Kf7 39. Bxb5 Nxb5 40. Rxb5 Rxb5 41. Nxb5 Ke6 42. Ra6 Kd5 43. Rxa5 Kc5 44. Ra7 Rxa7 45. Nxa7 Kxd6 46. Nb5+ Kc5 47. Nc3 Kd4 48. Ne2+ Kd3 49. Kf1 Ke4 50. Ng3+ Kf4 51. h5 g5 52. Ke2 h6 53. Kd3 Kg4 54. Kd4 Kh4 55. Ke5 g4 56. Nf5+ Kg5 57. Nxh6 Kxh6 58. Kf4 Kxh5 59. g3 1-0

[Event "Secondario 15th"]
[Site "Caorle"]
[Date "1990.07.09"]
[Round "3.38"]
[White "Ventura, Boris"]
[Black "Pompili, Ugo"]
[Result "1/2-1/2"]
[WhiteElo "1900"]
[BlackElo "1800"]
[PlyCount "127"]
[EventDate "1990.07.07"]
[EventType "swiss"]
[EventRounds "8"]
[EventCountry "ITA"]
[SourceTitle "EXT 2023"]
[Source "ChessBase"]
[SourceDate "2022.10.05"]
[SourceVersion "1"]
[SourceVersionDate "2022.10.05"]
[SourceQuality "1"]

1. d4 Nf6 2. c4 c5 3. d5 b5 4. Nf3 Bb7 5. Nbd2 g6 6. e4 d6 7. b3 Bg7 8. Bb2 Nbd7 9. cxb5 0-0 10. Qc2 e6 11. dxe6 fxe6 12. Bd3 d5 13. exd5 exd5 14. 0-0 Qc7 15. Rae1 Rae8 16. Rxe8 Rxe8 17. Re1 Rxe1+ 18. Nxe1 Qf4 19. Nef3 Bf8 20. h3 d4 21. Bc1 Ne5 22. Nxe5 Qxe5 23. Nf1 Nh5 24. Qd2 Nf6 25. Qg5 Qe6 26. Bf4 Bd5 27. Qe5 Qf7 28. Qc7 Ne4 29. Qxf7+ Kxf7 30. Bxe4 Bxe4 31. Bb8 Ke6 32. Bxa7 Kd6 33. Nd2 Bd5 34. Nc4+ Kc7 35. a4 Bxc4 36. bxc4 Kb7 37. b6 Bg7 38. Kf1 Bf6 39. g4 h5 40. gxh5 gxh5 41. f4 h4 42. Ke2 Be7 43. Kd3 Bf6 44. Kc2 Bg7 45. a5 Bf6 46. Kd3 Bg7 47. Ke4 Bf6 48. Kd3 Be7 49. Ke2 Bf6 50. Kf2 Be7 51. Kf3 Bf6 52. Ke4 Be7 53. Kd3 Bf6 54. Ke4 Bd8 55. Kd3 Be7 56. Ke4 Bf8 57. Kd3 Bg7 58. Ke4 Bh6 59. f5 Bg7 60. Kd3 Be5 61. Ke4 Bh8 62. Kd3 Be5 63. Ke4 Bh8 64. Kd3 1/2-1/2

[Event "Secondario 15th"]
[Site "Caorle"]
[Date "1990.07.08"]
[Round "2.25"]
[White "Pompili, Ugo"]
[Black "Nikolic, Dragovan"]
[Result "0-1"]
[WhiteElo "1800"]
[BlackElo "2000"]
[PlyCount "78"]
[EventDate "1990.07.07"]
[EventType "swiss"]
[EventRounds "8"]
[EventCountry "ITA"]
[SourceTitle "EXT 2023"]
[Source "ChessBase"]
[SourceDate "2022.10.05"]
[SourceVersion "1"]
[SourceVersionDate "2022.10.05"]
[SourceQuality "1"]

1. e4 c5 2. c3 Nf6 3. e5 Nd5 4. d4 cxd4 5. Bc4 Nc7 6. Nf3 e6 7. cxd4 b5 8. Bd3 Bb7 9. Nc3 a6 10. Ne4 d6 11. 0-0 Nc6 12. Be3 Nd5 13. Rc1 dxe5 14. dxe5 Nxe3 15. fxe3 Nb4 16. Nd4 Nxd3 17. Qxd3 Qd5 18. Rf4 Qxe5 19. Rcf1 Be7 20. Nf3 Qd5 21. Qc3 f6 22. h4 Rc8 23. Qe1 e5 24. Rg4 h5 25. Rxg7 Qxe4 26. Qg3 Qxe3+ 27. Kh1 Rc1 28. Qg6+ Kd8 29. Rxc1 Qxc1+ 30. Ng1 Qf4 31. Rxe7 Qxh4+ 32. Nh3 Qxh3+ 33. Kg1 Qxg2+ 34. Qxg2 Bxg2 35. Ra7 Rg8 36. Kf2 h4 37. Rh7 h3 38. b3 f5 39. a3 f4 0-1